Chinese Inventions - Sudden Death - Statistics

General Stats
  • This quiz has been taken 73 times
    21 since last reset
  • The average score is 6 of 21
Answers on the Grid
Answers color-coded by a green-red scale on the quiz's grid according to % correct below.
Acupuncture
Algebra
Anime
Automobile
Buddhism
Cannon
Chess
Chopsticks
Communism
Compass
Goldfish
Gunpowder
Horse collar
Hot air balloon
Incense
Karaoke
Kite
Monosodium glutamate
Movable type
Nail polish
Noodles
Paper
Piano
Porcelain
Rocket
Rubik's cube
Samovar
Seismometer
Silk
Stock market
Tea
Telescope
Tofu
Tomatoes
Wheelbarrow
Wok
 
Answer Stats
Answer % Correct
Acupuncture
53%
Noodles
47%
Chopsticks
41%
Gunpowder
41%
Paper
41%
Silk
41%
Tofu
41%
Wok
41%
Kite
35%
Tea
35%
Porcelain
29%
Compass
24%
Movable type
24%
Cannon
12%
Goldfish
12%
Incense
12%
Wheelbarrow
12%
Horse collar
6%
Nail polish
6%
Rocket
6%
Seismometer
6%
No matching quizzes found
Score Distribution
Percent of People with Each Score
Percentile by Number Answered
Your Score History
You have not taken this quiz since the last reset